000 01507nam a2200373Ia 4500
001 ebr10112094
003 CaPaEBR
006 m u
007 cr cn|||||||||
008 050528s2004 ncua sb 001 0 eng d
020 _z0738498084
040 _aCaPaEBR
_cCaPaEBR
035 _a(OCoLC)80243997
050 1 4 _aTK5105.8885.W43
_bI46 2004eb
082 0 4 _a005.376
_222
245 0 0 _aImplementing WebSphere Business Integration Express for Item Synchronization
_h[electronic resource] /
_cLee Gavin ... [et al.].
250 _a1st ed.
260 _aResearch Triangle Park, N.C. :
_bIBM,
_cc2004.
300 _axiv, 270 p. :
_bill.
490 1 _aRedbooks
500 _a"This edition applies to version 4, release 3, of IBM WebSphere Business Integration Express for Item Synchronization."
500 _a"May 2004."
504 _aIncludes bibliographical references and index.
533 _aElectronic reproduction.
_bPalo Alto, Calif. :
_cebrary,
_d2009.
_nAvailable via World Wide Web.
_nAccess may be limited to ebrary affiliated libraries.
630 0 0 _aWebSphere.
650 0 _aInventory control
_xComputer programs.
650 0 _aWeb servers
_xComputer programs.
650 0 _aSoftware configuration management.
655 7 _aElectronic books.
_2local
700 1 _aGavin, Lee.
_4aut
710 2 _aebrary, Inc.
830 0 _aIBM redbooks.
856 4 0 _uhttp://site.ebrary.com/lib/rucke/Doc?id=10112094
_zAn electronic book accessible through the World Wide Web; click to view
999 _c210585
_d210585